| 000 | 00709nam a2200229 i 4500 | ||
|---|---|---|---|
| 001 | 102741 | ||
| 003 | ES-MaACL | ||
| 005 | 20230906183153.0 | ||
| 007 | t| | ||
| 008 | 051201s2002 sp ||||1| spa d | ||
| 020 | _a84-8317-350-6 | ||
| 080 | _a577.2 | ||
| 100 | 1 |
_aSalas, Margarita. _9101739 |
|
| 245 | 1 | 4 |
_aLos retos de la biología molecular en el siglo XXI / _cMargarita Salas. |
| 260 |
_a[Oviedo] : _bPublicaciones de la Universidad de Oviedo, _c[2002] |
||
| 300 |
_a48 p. : _b1 retr. ; _c16 cm. |
||
| 490 | 1 | _aPapeles del Aula Magna | |
| 650 | 4 |
_aBiología molecular. _910589 |
|
| 830 | 0 |
_aPapeles del Aula Magna _9184799 |
|
| 852 |
_aES-MaACL _j2188-F-17 _bR.136787 |
||
| 999 |
_c102741 _d102741 |
||